| 000 | 01335nam a2200337 c 4500 | ||
|---|---|---|---|
| 003 | BLK | ||
| 005 | 20230824165817.0 | ||
| 008 | 180407b bul|||||r ||||||| ||bul|| | ||
| 010 | _aKNG00035107000 | ||
| 020 |
_a954-439-667-5 _bиздат.: Слово |
||
| 040 | _aBLK | ||
| 041 |
_aBUL _cBUL |
||
| 080 |
_aБългарска литература _b821.163.2 _x-1(082.2) _z821.163.2-1(082.2) |
||
| 700 | 1 |
_aРадинска, Валентина _eсъстав. и предг. от _9272298 |
|
| 139 |
_aСъвременна българска поезия _bС 96 |
||
| 245 | 1 | 0 |
_aСъвременна българска поезия _bСлед Втората световна война : Антология _cсъстав. и предг. от Валентина Радинска. |
| 257 | _aBGR | ||
| 260 |
_аВ. Търново _bСлово _c2000 _fВ. Търново : Абагар АД |
||
| 300 |
_a232 с. _c20 см |
||
| 380 | _aX | ||
| 490 | 1 | _aМалка ученическа библиотека | |
| 500 | _aОфс. изд. | ||
| 653 | _aстихотворения | ||
| 653 | _aбългарска литература | ||
| 852 | _aЦб 207290 | ||
| 856 | 4 |
_qpdf _u |
|
| 856 | 4 |
_qpdf _u |
|
| 942 |
_cKNG _n0 _01 |
||
| 944 |
_aCR _c27.01.2003 _k30576 _lЦветомила Тодорова |
||
| 944 |
_aED _c15.09.2004 _k |
||
| 999 |
_c32437 _d32437 |
||